000 00670 a2200217 4500
005 20260423121215.0
008 260423b |||||||| |||| 00| 0 eng d
020 _a9781666925913
037 _cTB
040 _aCRL
_cCRL
041 _2eng
_aeng
084 _aR3xK46 R4
_qCRL
100 _aLambert, Jeff
_9846391
245 _aMonadological intimacy:
_bthe relational operation of foldsin leibniz and deleuze
260 _aLanham, USA:
_bLexington Books,
_c2024.
300 _a195p.
365 _b81.00
_cGBP
650 _aPhilosophy
942 _cTB
_2CC
_hR3xK46 R4
999 _c1679838
_d1679838